[Event "CAT-chT Honor Division 2019"]
[Site "Catalonia"]
[Date "2019.03.16"]
[Round "8"]
[White "Magem Badals, Jordi"]
[Black "Martin Gonzalez, Angel"]
[Result "1/2-1/2"]
[WhiteElo "2522"]
[BlackElo "2336"]
[Annotator "TA"]
[PlyCount "47"]
[EventDate "2019.01.16"]
[EventType "team-tourn"]
[EventCountry "ESP"]
[SourceTitle "playchess.com"]
[Source "ChessBase"]
[SourceQuality "1"]

{[%evp 11,47,4,20,20,18,21,28,24,29,27,29,18,15,22,18,17,11,27,25,37,124,115,117,108,105,43,50,39,47,12,20,13,23,0,0,0,0,0]} 1. e4 c5 2. Nf3 d6 3. Bb5+ Bd7 4. Bxd7+ Qxd7 5. O-O Nf6 6. Qe2 Nc6 7. Rd1 {B52: Sicilian: Moscow Variation with 3...Bd7} (7. b3 g6 8. Bb2 Bg7 9. c4 Nh5 10. Bxg7 Nxg7 11. Nc3 O-O 12. Qe3 e5 13. d3 f5 14. Nd5 f4 15. Qd2 Ne6 16. b4 {½-½ (71) Anand,V (2759)-Grischuk,A (2766) Leuven 2018}) 7... g6 8. c3 Qe6 9. Re1 $146 {White has an edge.} ({Predecessor:} 9. d3 Bg7 10. Ng5 Qg4 11. Qc2 O-O 12. h3 Qd7 13. Be3 Rac8 14. Na3 h6 {1-0 (50) Acosta,M (2147)-Remolcoy,L (1968) Vicente Lopez 2016}) 9... Bg7 10. d4 cxd4 11. cxd4 d5 {[%cal Rd5e4]} 12. e5 $36 {[%mdl 2048] White has some pressure.} Ne4 13. Nc3 Nxc3 14. bxc3 O-O 15. Ng5 Qf5 {[#]} (15... Qc8 $1 $14) 16. e6 $1 $16 fxe6 ({Not} 16... f6 $2 17. g4 $18) 17. Nxe6 Rf7 18. Bd2 (18. f3 $16) 18... Nd8 $1 $14 {[%cal Rd8e6] Threatens to win with ...Nxe6.} 19. Nxg7 Kxg7 20. Qe5+ Qxe5 21. Rxe5 e6 $1 22. Bg5 Rf5 23. Rxf5 gxf5 24. Re1 {Accuracy: White = 67%, Black = 78%.} 1/2-1/2

[Event "CAT-chT Honor Division 2019"]
[Site "Catalonia"]
[Date "2019.03.16"]
[Round "8"]
[White "Cuartas, Jaime Alexander"]
[Black "Kogan, Arthur"]
[Result "1-0"]
[WhiteElo "2516"]
[BlackElo "2547"]
[Annotator "TA"]
[PlyCount "115"]
[EventDate "2019.01.16"]
[EventType "team-tourn"]
[EventCountry "ESP"]
[SourceTitle "playchess.com"]
[Source "ChessBase"]
[SourceQuality "1"]

{[%evp 12,115,36,20,37,28,20,20,72,80,93,93,68,50,56,22,69,60,92,60,79,75,72,77,77,78,107,111,110,61,75,72,37,33,58,33,37,33,33,31,35,35,76,74,86,86,89,80,79,86,86,86,86,0,66,42,80,0,35,-57,0,0,75,68,183,0,0,0,0,0,0,0,0,0,292,262,208,-180,-175,-176,-181,-414,-352,-441,0,-22,849,573,656,635,798,804,1522,1444,4125,4129,1312,1227,5323,5022,29990,29988,29992,29991,29994,29995]} 1. d4 Nf6 2. Nf3 d5 3. e3 Bf5 4. c4 c6 5. Nc3 e6 6. Nh4 Be4 7. f3 Bg6 {D12: Slav Defence: 3 Nf3 Nf6 4 e3 Bf5} 8. g3 (8. Qb3 Qb6 9. Nxg6 hxg6 10. Bd2 Nbd7 11. O-O-O Qxb3 12. axb3 Be7 13. Bd3 Rc8 14. Kb1 a6 15. Ne2 c5 16. cxd5 Nxd5 17. Rc1 O-O {1-0 (42) Nakamura,H (2746)-Harikrishna,P (2729) Kolkata 2018}) 8... Nbd7 9. Qb3 b5 (9... Qb6 $11 {remains equal.}) 10. cxb5 $16 (10. Nxg6 dxc4 11. Qc2 hxg6 $15) 10... c5 11. Nxg6 $146 ({Predecessor:} 11. f4 Bh5 12. Bg2 Bd6 13. Nf3 O-O 14. Ne5 Rc8 15. O-O {0-1 (36) De Waele,W (2067)-Gatineau,Y (2277) Mamaia 2017}) 11... hxg6 12. Qd1 Bd6 13. Kf2 Qc7 14. Kg2 Nh5 {[%cal Rd6g3]} 15. f4 f5 16. Be2 Kf7 17. Bd2 Nb6 18. Rc1 c4 19. a4 {[%cal Ba2a4,Ba4a5][%mdl 32]} Nf6 20. a5 Nc8 $1 21. Qa4 Be7 22. b3 {[%cal Rb3c4]} Nd6 23. bxc4 Nxc4 24. Bxc4 dxc4 25. a6 Rac8 26. Rb1 Qb8 27. Qd1 $1 Bd8 28. Ra1 $1 Bb6 29. Qf3 Qd6 30. Ra4 Qd7 31. Rb1 Nd5 32. e4 (32. h4 $16) 32... fxe4 ({Better is} 32... Nxc3 $11 33. Bxc3 fxe4 34. Qxe4 Rh5) 33. Nxe4 $14 ({Reject} 33. Qxe4 Nf6 $15) 33... Bxd4 34. Rd1 (34. Ng5+ $16 Kg8 35. Rc1) 34... Kg8 35. Qe2 ({White should play} 35. Ng5 $14) 35... e5 (35... Qxb5 $15 36. Ra3 Qc6) 36. fxe5 $11 Qh3+ (36... Bxe5 37. Kh1 $11) ({But not} 36... Nb6 $6 37. Ra3 $16) (36... Rh5 $1 $11) 37. Kh1 $16 Rf8 (37... Bxe5 $14 38. Bc1 Bxg3 39. Rxd5 Qe6 40. Rxc4 Rxh2+ 41. Qxh2 Bxh2 42. Kxh2 Qxd5 43. Rxc8+ Kf7) 38. Qg2 $2 ({Only move:} 38. Bf4 $1 $18 Nxf4 39. gxf4 Rxf4 40. Ng5) 38... Qg4 $11 39. Re1 $1 Nb6 $40 {[%mdl 128] Black is up to no good.} 40. Ra2 Rf5 $1 {( -> ...Rxh2+!)} 41. Bf4 {e6 is the strong threat.} Rxh2+ $1 42. Qxh2 Qf3+ $2 {[%mdl 8192]} (42... Rh5 $11 43. Qxh5 Qxh5+ 44. Rh2 Qf3+ 45. Rg2 Qg4) 43. Rg2 $18 Rh5 {[#]} 44. g4 $4 {[%mdl 8192]} (44. Ng5 $1 $18 {[%cal Rg5f3] is the narrow road to win.} Rxh2+ 45. Kxh2 Qh5+ 46. Nh3) 44... Rxh2+ $19 45. Bxh2 {[#]} Be3 $1 46. Ng3 $2 (46. Nd6) 46... c3 47. Bg1 Nc4 $2 (47... Nd5 $19 48. Rf1 Qxg4) 48. e6 Qd5 $2 {[%mdl 8192]} (48... c2 $11 49. e7 Kf7) 49. Bxe3 Qxe6 50. Bf2 {[%mdl 64] Discovered Attack} Qd5 51. Bxa7 c2 52. Bg1 Qxb5 53. a7 Qd5 54. Ne4 Ne5 55. Rxc2 Kh7 56. Rc5 {White mates.} Qd3 57. Re3 Qf1 58. Rxe5 {Accuracy: White = 59%, Black = 45%.} 1-0

[Event "CAT-chT Honor Division 2019"]
[Site "Catalonia"]
[Date "2019.03.16"]
[Round "8"]
[White "Alsina Leal, Daniel"]
[Black "Pogorelov, Ruslan"]
[Result "1-0"]
[WhiteElo "2470"]
[BlackElo "2338"]
[Annotator "TA"]
[PlyCount "121"]
[EventDate "2019.01.16"]
[EventType "team-tourn"]
[EventCountry "ESP"]
[SourceTitle "playchess.com"]
[Source "ChessBase"]
[SourceQuality "1"]

{[%evp 18,121,0,-6,-1,-11,0,-29,-14,0,0,-8,2,0,8,7,16,0,0,0,0,21,39,51,40,43,47,4,56,49,66,61,62,62,57,50,51,60,60,62,58,59,99,77,92,62,68,30,33,14,15,15,30,25,31,54,77,68,60,51,86,25,91,29,24,8,14,0,0,7,68,23,230,109,115,0,239,208,299,320,1178,1219,1209,1000,2162,2052,1865,1684,6625,7609,6597,28,28,28,28,-8,28,0,28,28,46,83,29974,29976,29975,29976]} 1. Nf3 Nf6 2. c4 e6 3. Nc3 Bb4 4. Qc2 O-O 5. a3 Bxc3 6. Qxc3 b6 7. g3 Bb7 8. Bg2 d5 9. d4 dxc4 10. Qxc4 Bd5 {A17: English Opening: 1...Nf6 with ...Bb4} 11. Qa4 Nbd7 12. b4 $146 ({Predecessor:} 12. O-O c5 13. Bf4 Qc8 14. dxc5 Nxc5 15. Qb4 Qb7 16. Rad1 Rfc8 17. Be3 Be4 18. Bg5 {½-½ (32) Olszewski,M (2559)-Macieja,B (2612) Warsaw 2009}) 12... c5 {Black has an edge.} 13. dxc5 bxc5 14. O-O Nb6 15. Qa5 c4 16. Be3 Qc7 17. Rfc1 Qb7 18. Bf1 Rfc8 19. Ne5 Nfd7 20. Nxd7 Nxd7 21. Bd4 f5 22. Ra2 Rc7 (22... Nb8 $11) 23. Rd2 $14 Rac8 24. Bc3 Nf6 25. f3 Qb6+ 26. Qxb6 axb6 27. a4 Ra8 28. a5 bxa5 29. bxa5 Rb7 30. Kf2 Kf7 31. h3 g5 32. g4 {aiming for gxf5.} f4 33. e4 fxe3+ $1 34. Kxe3 Nd7 35. Rd4 Rc8 36. f4 gxf4+ 37. Rxf4+ Ke7 38. Be2 Rb3 39. Kd2 (39. g5 $16) 39... Kd6 {[#]} (39... e5 $11 {remains equal.} 40. Rf5 Be4) 40. Re1 (40. g5 $1 $16) 40... e5 $11 41. Rf5 {Black must now prevent Bd1.} Be4 {Hoping for ...Rc5.} 42. Rf2 Rc5 {And now ...Rd5+ would win.} 43. Rc1 Bg6 ({Black should try} 43... Rd5+ $11 44. Ke1 Bd3) 44. Ke1 e4 $2 (44... Bd3 $11 {and Black stays safe.}) 45. h4 (45. a6 $18 {and White stays clearly on top.}) 45... Ne5 $16 {Threatening ...Nd3+.} 46. h5 (46. Rf6+ $16 Ke7 47. Rb6 Rxc3 48. Rxc3 Rxa5 49. Kd2 (49. Bxc4 Rc5 $16)) 46... Be8 $2 (46... Nd3+ $1 $11 47. Bxd3 cxd3 48. Rf6+ (48. hxg6 Rbxc3 49. Rxc3 Rxc3 $11) 48... Ke7 49. hxg6 hxg6) 47. Bxe5+ Kxe5 (47... Rxe5 {was called for.} 48. Rf6+ (48. Rxc4 Rb1+ 49. Bd1 Bb5 $17) (48. Bxc4 Rg3 $16) 48... Ke7) 48. Rf5+ $18 ({Weaker is} 48. Rxc4 Rxc4 49. Bxc4 Rb1+ 50. Kd2 Kd4 $11) (48. Bxc4 Kd4 $11) 48... Kd4 $2 (48... Kd6 49. Rxc5 (49. Bxc4 Re3+ 50. Kd2 Rxf5 $16) 49... Kxc5) 49. Rd1+ Rd3 50. Bxd3 exd3 51. Rxc5 Kxc5 {[%mdl 4096] Endgame KR-KB} 52. Kd2 Bd7 53. g5 Bg4 54. Rb1 $2 ({White has to play} 54. g6 $18 h6 55. Rf1) 54... Kd4 $11 {Strongly threatening ...c3+.} 55. Rb4 Bxh5 56. a6 {a7 is the strong threat.} Bf3 57. a7 {Threatens to win with Ra4.} Be4 58. Ra4 Ba8 $1 59. Ra3 Be4 $2 {[%mdl 8192] [#]} (59... Bf3 $16 60. a8=R c3+ 61. Rxc3 Bxa8 62. Rxd3+ Ke4) 60. a8=Q c3+ 61. Kd1 {Accuracy: White = 51%, Black = 25%.} 1-0

[Event "CAT-chT Honor Division 2019"]
[Site "Catalonia"]
[Date "2019.03.16"]
[Round "8"]
[White "Comas Fabrego, Lluis"]
[Black "Sanchez Ibern, Marc"]
[Result "1-0"]
[WhiteElo "2467"]
[BlackElo "2325"]
[Annotator "TA"]
[PlyCount "81"]
[EventDate "2019.01.16"]
[EventType "team-tourn"]
[EventCountry "ESP"]
[SourceTitle "playchess.com"]
[Source "ChessBase"]
[SourceQuality "1"]

{[%evp 10,81,30,28,21,23,43,26,18,29,29,31,68,42,62,59,87,55,62,65,67,70,75,45,47,49,41,33,69,68,101,77,83,70,62,54,98,96,114,97,111,118,128,112,170,161,157,171,165,157,182,192,210,210,224,206,233,185,289,272,261,214,450,458,488,456,560,565,706,770,743,727,1336,1328]} 1. Nf3 Nf6 2. b3 g6 3. Bb2 d5 4. c4 Bg7 5. cxd5 O-O 6. g3 Qxd5 {A15: English Opening: 1...Nf6} 7. Bg2 c6 8. d3 Qh5 {White has an edge.} 9. h3 Na6 10. Nbd2 Qa5 $146 ({Predecessor:} 10... Re8 11. Nc4 Nc7 12. Be5 {1-0 (52) Fernandez Barrera,F (2365)-Cardenas Valero,J (2250) Linares 1998}) 11. a3 Bd7 12. Qc2 Rfe8 13. Ne5 Be6 14. O-O Rad8 15. b4 Qc7 16. d4 Qc8 17. Kh2 Nd7 18. Nef3 f6 19. e4 Bf7 20. Nc4 {[%cal Bd2c4,Bc4a5,Ba5b3,Bb3c5][%mdl 32]} Nb6 21. Na5 Nc7 22. a4 Qb8 23. Rfc1 Rd7 24. Bf1 Red8 25. Nb3 Bh6 26. Rd1 Rc8 (26... Rf8 $16) 27. Nc5 {And now a5 would win.} Rdd8 28. h4 Nd7 29. Bh3 $36 {[%mdl 2048] White is on the roll.} e6 30. Bc1 Bg7 31. Bf4 {Hoping for Nxe6!} Nxc5 32. bxc5 ({Don't do} 32. dxc5 $6 Rxd1 33. Rxd1 Rd8 $16) 32... h6 33. Bd6 Bf8 (33... b6 $142 34. Nd2 bxc5) 34. e5 $18 {[#] aiming for Bxe6!} f5 35. Rab1 Bxd6 $2 (35... Qa8 {was called for.} 36. Bf1 Rd7) 36. exd6 {White is clearly winning.} Nd5 37. Qd2 Kh7 38. Ne5 Bg8 39. Bg2 b6 40. Bxd5 cxd5 41. a5 {Accuracy: White = 69%, Black = 33%.} 1-0

[Event "CAT-chT Honor Division 2019"]
[Site "Catalonia"]
[Date "2019.03.16"]
[Round "8"]
[White "Oratovsky, Michael"]
[Black "Delorme, Axel"]
[Result "1-0"]
[WhiteElo "2455"]
[BlackElo "2502"]
[Annotator "TA"]
[PlyCount "95"]
[EventDate "2019.01.16"]
[EventType "team-tourn"]
[EventCountry "ESP"]
[SourceTitle "playchess.com"]
[Source "ChessBase"]
[SourceQuality "1"]

{[%evp 23,95,41,41,32,42,20,81,26,24,33,34,27,31,26,32,18,47,54,51,47,69,40,40,52,50,0,53,0,70,64,74,47,73,70,70,74,70,54,100,106,258,275,280,246,258,140,160,146,180,118,319,0,172,84,139,80,153,152,427,415,478,481,462,456,602,663,650,643,5406,4887,2431,2310,29990,5373]} 1. e4 e5 2. Bc4 Nf6 3. d3 Nc6 4. Nf3 Be7 5. O-O O-O 6. Re1 d6 7. a4 Kh8 8. h3 {C55: Two Knights: 4 d3, 4 d4 exd4 5 e5 and Max Lange Attack} Ng8 9. Nc3 f5 10. Nd5 fxe4 11. dxe4 Nf6 12. a5 a6 {LiveBook: 5 Games} 13. c3 (13. Ra3 Be6 14. Nxf6 Bxc4 15. Nd5 Bb5 {½-½ (67) Caruana,F (2822)-Grischuk,A (2766) Saint Louis 2018}) 13... Be6 14. Qb3 $146 ({Predecessor:} 14. Ba2 Bg8 15. b4 Qd7 16. Qe2 Rae8 17. b5 Nb8 18. Nxf6 axb5 19. Nxd7 {1-0 (19) Borges,J (2076)-Silva,M (2320) ICCF email 2016}) 14... Rb8 (14... Nxa5 $11 {remains equal.} 15. Rxa5 b5) 15. Ng5 (15. Nxe7 $16 Bxc4 16. Ng6+ $1 {[%mdl 512]} hxg6 17. Qxc4) 15... Bg8 $1 $11 {Threatens to win with ...Nxd5.} 16. Ne3 Nd7 17. Bxg8 Bxg5 18. Bc4 Nf6 19. Qc2 Ne7 20. b4 Qd7 21. Bf1 Bh6 22. Rb1 Qc6 23. Bd3 Qd7 24. Bf1 Qc6 25. Bd3 (25. Nc4 $14) 25... b6 ({Better is} 25... Qd7 $11) 26. axb6 cxb6 27. c4 Qc7 28. Qa2 Ra8 29. Nd5 Nexd5 30. cxd5 Qc3 31. Qe2 a5 $2 (31... Qd4 $16) 32. Bxh6 $1 $18 gxh6 {[#]} 33. Rec1 $1 {[%cal Rc1c3]} Qa3 34. b5 (34. Ra1 $18 Qb3 35. Rc6) 34... Rac8 $16 35. Rc6 {aiming for Qc2.} Nd7 36. Bc2 $36 {[%mdl 2048] White is on the roll.} ({White should play} 36. Qc2 $18 Nc5 37. Be2) 36... Qa2 $2 (36... a4 $16 {was called for.}) 37. Bd3 (37. Qd3 $142 Nc5 38. Qc3) 37... Qa3 $1 $18 38. Bc4 (38. Qc2 $18 {and White stays clearly on top.} Nc5 39. Be2) 38... a4 {[#]} (38... Rb8 $142) 39. Qg4 (39. Qd2 $142 $1) 39... Nf6 ({Black should try} 39... Rcd8) 40. Qh4 $16 {And now Rxc8 would win.} ({But not} 40. Rxc8 $6 Nxg4 41. Rxf8+ Kg7 $16) 40... Rxc6 $2 (40... Ng8 $16 {was worth a try.}) 41. dxc6 $18 ({Weaker is} 41. bxc6 h5 $18) 41... h5 42. Be6 {c7 is the strong threat.} Qc5 43. Bf5 a3 44. Qg5 a2 45. Rc1 Qa3 46. c7 a1=Q 47. c8=Q Nd7 48. Rxa1 {Accuracy: White = 48%, Black = 40%.} (48. Qxd7 $142 Q3xc1+ 49. Kh2 Qg1+ 50. Kg3 Qa3+ 51. Kh4 Qxf2+ 52. Kxh5 Qxh3+ 53. gxh3) 1-0

[Event "CAT-chT Honor Division 2019"]
[Site "Catalonia"]
[Date "2019.03.16"]
[Round "8"]
[White "Rizouk, Aimen"]
[Black "Zurano Lopez, Pedro"]
[Result "1-0"]
[WhiteElo "2441"]
[BlackElo "2291"]
[Annotator "TA"]
[PlyCount "53"]
[EventDate "2019.01.16"]
[EventType "team-tourn"]
[EventCountry "ESP"]
[SourceTitle "playchess.com"]
[Source "ChessBase"]
[SourceQuality "1"]

{[%evp 12,53,30,32,42,39,68,51,72,63,61,37,50,58,87,89,94,78,97,109,145,131,137,140,122,126,290,225,321,290,576,570,617,604,840,642,1039,1059,1291,1025,1007,983,29988,29989]} 1. e4 c6 2. d4 d5 3. e5 Bf5 4. Nf3 e6 5. Be2 Ne7 6. Nbd2 Nd7 7. O-O Qc7 {B12: Caro-Kann: Advance Variation} (7... c5 8. c3 Nc6 9. Nb3 c4 10. Nbd2 b5 11. Re1 b4 12. Nf1 Be7 13. Ng3 Bg6 14. Be3 O-O 15. h4 Bxh4 16. Nxh4 Qxh4 17. cxb4 Nxb4 {1-0 (35) Vachier Lagrave,M (2789)-Mamedyarov,S (2808) Paris 2018}) 8. c4 f6 9. exf6 gxf6 {White is slightly better.} 10. Nh4 O-O-O 11. Nxf5 Nxf5 12. Nf3 Bd6 $146 ({Predecessor:} 12... dxc4 13. Bxc4 e5 14. Be6 Nxd4 15. Nxd4 exd4 16. Qxd4 {½-½ (30) Salonen,J (1845)-Ropokis,D (1848) FICGS email 2010}) 13. cxd5 exd5 14. Bd3 Ne7 15. Re1 h5 16. Bd2 Rdg8 17. Re6 Rg7 18. Qe2 Rhg8 $2 {[#]} (18... Kb8 $16 19. Kh1 h4) 19. Kf1 Rf7 (19... Nf8 $142) 20. Re1 Kd8 $2 (20... Nb6 21. Nh4 Kb8) 21. Nh4 $18 Nf8 22. Qxh5 Rgg7 23. Qh8 Kd7 {[#]} 24. Rxf6 $3 {[%mdl 512]} Rg8 (24... Rxf6 25. Qxg7) 25. Qh6 Rxf6 26. Qxf6 Ke8 27. Nf5 {Accuracy: White = 98%, Black = 26%.} 1-0

[Event "CAT-chT Honor Division 2019"]
[Site "Catalonia"]
[Date "2019.03.16"]
[Round "8"]
[White "Diaz Camallonga, Carles"]
[Black "Jimenez Ruano, Adrian"]
[Result "1/2-1/2"]
[WhiteElo "2432"]
[BlackElo "2287"]
[Annotator "TA"]
[PlyCount "80"]
[EventDate "2019.01.16"]
[EventType "team-tourn"]
[EventCountry "ESP"]
[SourceTitle "playchess.com"]
[Source "ChessBase"]
[SourceQuality "1"]

{[%evp 11,80,42,40,11,12,12,26,0,6,7,35,-7,-6,-31,-7,-7,-6,0,0,0,0,-5,0,-7,-13,0,0,-25,12,10,13,6,34,0,26,22,27,25,37,25,39,18,25,20,77,75,79,81,81,81,91,78,74,43,85,68,80,78,87,70,65,72,104,0,0,0,0,0,67,0,0]} 1. e4 Nf6 2. e5 Nd5 3. d4 d6 4. Nf3 Bg4 5. Be2 e6 6. O-O Be7 {LiveBook: 981 Games} 7. Ne1 {B05: Alekhine's Defence: 4 Nf3 Bg4} (7. h3 Bh5 8. c4 Nb6 9. Nc3 O-O 10. Be3 d5 11. g4 Bg6 12. c5 Nc4 13. Bxc4 dxc4 14. Qa4 b6 15. cxb6 cxb6 16. Qxc4 Qd7 17. d5 Rc8 18. Qe2 exd5 {1-0 (31) Anand,V (2773)-Maghsoodloo,P (2688) St Petersburg 2018}) 7... Bxe2 8. Qxe2 O-O 9. Qg4 $146 {White has an edge.} ({Predecessor:} 9. Nd3 Nd7 10. Nd2 dxe5 11. dxe5 Nc5 12. Nxc5 Bxc5 13. Ne4 Be7 14. Rd1 Qe8 {0-1 (41) Heikkila,A-Salokangas,H Tampere 1989}) 9... Kh8 10. Nf3 Nd7 11. Re1 c5 12. Bg5 cxd4 {[#] Strongly threatening ...Bxg5.} 13. Bxe7 Qxe7 14. exd6 Qxd6 15. Qxd4 {c4 is the strong threat.} Qb6 16. Nbd2 Rac8 17. c4 Qxd4 18. Nxd4 Nb4 19. Re2 Nb6 20. b3 Rfd8 21. N2f3 Kg8 22. Rd1 Nc6 23. Red2 Nxd4 24. Nxd4 a6 25. Kf1 (25. a4 {is more complex.} Rc7 26. a5 Nd7 27. Ne2 Kf8 28. Nc3) 25... Rd7 26. Ke2 Rcd8 27. g3 e5 (27... Kf8 $11) 28. Nf5 $16 Rxd2+ 29. Rxd2 Rxd2+ 30. Kxd2 {[%mdl 4096] Endgame KN-KN} Nc8 31. Kd3 g6 32. Ne3 f6 33. Ke4 Kf7 34. Kd5 Ke7 35. Kc5 Ke6 36. Nd5 h5 37. f3 ({White should play} 37. b4 $16) 37... g5 $11 38. Nc7+ ({Better is} 38. g4 $11 hxg4 39. fxg4) 38... Kd7 $14 39. Nd5 Ke6 40. Nc7+ (40. g4 $1 $14) 40... Kd7 {Precision: White = 51%, Black = 53%.} 1/2-1/2

[Event "CAT-chT Honor Division 2019"]
[Site "Catalonia"]
[Date "2019.03.16"]
[Round "8"]
[White "Ayats Llobera, Gerard"]
[Black "Gonzalez Garcia, Jose"]
[Result "1/2-1/2"]
[WhiteElo "2377"]
[BlackElo "2492"]
[Annotator "TA"]
[PlyCount "174"]
[EventDate "2019.01.16"]
[EventType "team-tourn"]
[EventCountry "ESP"]
[SourceTitle "playchess.com"]
[Source "ChessBase"]
[SourceQuality "1"]

{[%evp 9,174,31,36,36,23,16,15,7,13,0,0,8,12,8,15,0,0,0,0,0,0,-24,-5,-24,-24,-11,-10,-21,-20,-14,-20,-19,-15,-37,-18,-18,-18,-25,-13,-16,-14,-20,-20,-23,-19,-50,-48,-44,-56,-52,-47,-69,-74,-65,-70,-62,-62,-93,-51,-74,-79,-84,-8,-8,-8,-8,-8,-8,-8,-8,-8,-8,-8,-8,-8,-8,-8,-8,-8,-26,-26,-8,-8,-8,-8,-8,-8,-14,-8,-8,-8,-61,-8,-8,-8,-584,-8,-8,-8,-8,-8,-8,-8,-8,0,-8,-8,-8,0,-8,0,-20,-8,-8,-8,-8,-8,-8,-8,-61,-8,-8,0,0,0,0,0,0,0,0,0,-61,0,0,0,-8,-8,-8,-8,-8,-8,-8,-8,-8,-8,-8,0,0,0,0,0,0,0,0,0,0,0,0,0,0,0,0,0,0,0,0,0]} 1. Nf3 d5 2. b3 c6 3. Bb2 Bg4 4. g3 Bxf3 (4... Nd7 5. Bg2 Ngf6 6. O-O e6 7. c4 Bd6 8. d4 O-O 9. Ne5 Bf5 10. Nd2 h6 11. Re1 Re8 12. h3 Bh7 13. e3 Qc7 14. f4 Rad8 15. c5 Bxe5 16. fxe5 Ne4 17. Nxe4 dxe4 18. Qe2 {1-0 (50) Anton Guijarro,D (2666)-Jumabayev,R (2612) Riadh 2017}) 5. exf3 Nf6 6. Bg2 {A06: Réti Opening:1 Nf3 d5} e6 7. d4 c5 8. dxc5 Bxc5 9. O-O Nc6 10. f4 O-O 11. Nd2 Rc8 12. c4 $146 Bd4 13. Bxd4 Nxd4 14. Nf3 Nxf3+ 15. Qxf3 dxc4 {And now ...c3 would win.} 16. bxc4 b6 17. Rfd1 Qe7 18. Rd4 Rfd8 19. Rad1 Rxd4 20. Rxd4 g6 21. Qd3 Kg7 22. Bf3 Rc5 23. Bd1 e5 24. fxe5 Rxe5 25. Rf4 Re1+ 26. Kg2 Qe5 27. Qd2 Re4 28. Bf3 Rxf4 29. gxf4 Qf5 30. Qd4 Qc2 31. a3 Qc1 32. a4 Qa3 $1 33. Bd1 Qb4 34. h3 h6 35. Bc2 a5 (35... Qe7 $17) 36. h4 $11 Qc5 37. Qxc5 bxc5 {[%mdl 4096] Endgame KB-KN} 38. f5 g5 39. hxg5 hxg5 40. f4 Kh6 41. fxg5+ Kxg5 {[#] Strongly threatening ...Kf4.} 42. Kf3 Nd7 43. Ke4 {Hoping for Kd5.} Nb6 44. Bb3 f6 45. Bd1 Nxc4 46. Bc2 Nb6 47. Bd1 Kh6 48. Bb3 Kg7 49. Bd1 $1 Kf8 50. Bc2 (50. Bf3 $11) 50... Ke7 $1 $15 51. Bb3 Kd6 {Threatens to win with ...c4.} 52. Bc2 $2 {[%mdl 8192]} (52. Bd1 $1 $11 Kc6 53. Bh5) 52... Nd5 $2 (52... Kc6 $19 53. Bd1 Nc4) 53. Bb3 $11 Nb4 54. Bc4 Nc6 55. Bf7 Ne5 56. Be6 Ng4 57. Bb3 Nf2+ 58. Ke3 Ng4+ 59. Ke4 Ne5 {aiming for ...c4.} 60. Be6 c4 61. Kd4 {[#]} c3 $1 {[%mdl 512]} 62. Bb3 (62. Kxc3 Kc5) 62... Nc6+ 63. Kxc3 Kc5 64. Be6 (64. Bc4 $11) 64... Ne5 (64... Ne7 $15) 65. Bb3 Nd7 66. Bd1 Kd5 67. Bf3+ Kc5 68. Bd1 Nb6 69. Bb3 Nc8 70. Be6 (70. Bc4 $11) 70... Nd6 (70... Ne7 $1 $15) 71. Kd3 {The position is equal.} Ne8 72. Kc3 Ng7 73. Bc8 Nh5 74. Be6 Nf4 75. Bc4 Nh3 76. Be2 Ng5 77. Bd3 Nf7 78. Bc4 Nd6 79. Be6 Ne4+ 80. Kd3 Nf2+ 81. Kc3 $1 Ne4+ 82. Kd3 Ng5 83. Bc8 Nh3 84. Kc3 Nf4 85. Bb7 $1 Ne2+ 86. Kd3 Nd4 87. Be4 Nb3 $1 {Accuracy: White = 62%, Black = 70%.} 1/2-1/2

[Event "CAT-chT Honor Division 2019"]
[Site "Catalonia"]
[Date "2019.03.16"]
[Round "8"]
[White "Mellado Trivino, Juan"]
[Black "Vila Gazquez, Xavier"]
[Result "1/2-1/2"]
[WhiteElo "2365"]
[BlackElo "2475"]
[Annotator "TA"]
[PlyCount "113"]
[EventDate "2019.01.16"]
[EventType "team-tourn"]
[EventCountry "ESP"]
[SourceTitle "playchess.com"]
[Source "ChessBase"]
[SourceQuality "1"]

{[%evp 11,113,19,22,19,47,46,79,77,73,43,74,59,53,61,43,18,107,25,67,30,104,54,99,91,108,109,98,93,94,89,101,0,24,16,23,0,0,0,15,13,64,64,69,63,91,93,92,82,96,98,97,88,143,143,143,143,138,118,134,135,138,148,154,161,162,163,157,160,160,139,160,155,178,102,165,172,188,0,140,74,75,0,0,0,0,0,0,0,0,0,0,0,0,0,0,0,0,0,0,0,0,0,0,0]} 1. e4 c6 2. c4 d5 3. exd5 cxd5 4. cxd5 Nf6 5. Nc3 g6 6. Bb5+ Nbd7 7. Nf3 {B10: Caro-Kann: 2 d3 and 2 c4} a6 (7... Bg7 8. O-O O-O 9. Bc4 Nb6 10. Bb3 Nfxd5 11. d4 Be6 12. Bg5 h6 13. Bh4 Rc8 14. Rc1 Nf4 15. Bg3 Bxb3 16. Qxb3 Ne6 {½-½ (38) Petursson,M (2513)-Shirov,A (2673) Puhajarve 2016}) 8. Bxd7+ Qxd7 9. Ne5 {White is better.} Qd6 10. d4 $146 ({Predecessor:} 10. Nc4 Qc5 11. Ne3 b5 12. d4 Qd6 13. O-O Bb7 14. Qb3 Rc8 {½-½ (36) Bernardt,R (1780)-Leutz,H (1752) Freudenstadt 2003}) 10... Bg7 11. Qa4+ Bd7 12. Qb3 O-O 13. O-O b5 (13... a5 $1 $11) 14. Bg5 (14. Bf4 $1 $16) 14... Rad8 15. Rfe1 Be8 (15... b4 $1 $11 {remains equal.}) 16. Rad1 b4 17. Nc4 Qb8 {[#]} 18. d6 $1 {[%cal Rd6e7]} exd6 {[#]} 19. Bxf6 $1 Bxf6 20. Nd5 Bg7 21. Qf3 (21. Ncb6 $16) 21... Bb5 22. b3 Rde8 23. Qf4 Bxc4 24. bxc4 a5 25. h4 $36 {[%mdl 2048] White has some pressure.} h5 ({Black should try} 25... a4 $11) 26. c5 dxc5 27. Qxb8 $1 Rxe1+ 28. Rxe1 Rxb8 29. dxc5 $14 {[%mdl 4096] Endgame KRB-KRN} Kf8 30. c6 Rc8 31. Rc1 Bc3 (31... a4 $142) 32. Nxc3 $16 bxc3 33. Rxc3 {KR-KR} Ke7 34. Rc5 Kd6 35. Rxa5 Rxc6 36. g3 Ke6 37. Kg2 Rc3 38. Ra8 Kf6 39. Ra4 Kg7 40. a3 Rb3 41. Kf1 Rc3 42. Ke2 (42. Ra6 $18) 42... Rb3 (42... f5 $16) 43. Ra6 $18 Rc3 44. Ra4 Rb3 $1 45. f3 (45. Ra8 $142) 45... Rc3 46. g4 (46. Kf2 $16) 46... hxg4 $11 {The position is equal.} 47. fxg4 Rh3 48. g5 Kf8 49. Kf2 Kg7 $1 50. Kg2 Rc3 51. Ra8 {Hoping for a4.} Rc4 52. Kg3 Rc3+ 53. Kg2 {Threatens to win with a4.} Rc4 54. Kg3 {a4 is the strong threat.} Rc3+ 55. Kg2 {And now a4 would win.} Rc4 56. Kg3 {Strongly threatening a4.} Rc3+ 57. Kg2 {Accuracy: White = 45%, Black = 38%.} 1/2-1/2